Quizzes
Events
Quiz Creation
Community
Videos
Private Events
Remove Ads
Sign In
Join for FREE
Feedback
Dark Mode
Quiz Categories
Sports
Geography
Music
Movies
Television
Just For Fun
Miscellaneous
History
Literature
Language
Science
Gaming
Entertainment
Religion
Holiday
For Kids
Quiz Lab
Recent
Popular Today
Quiz Kudos Today
Editor Picks
Curator Picks
Quizzes by...
Day
Popularity
Type
Ratings
Length
Year
Community
Subscriptions
Recent Discussions
Orange Saloon
Badges
Playlists
Quests
Create
Leaderboards
Showdown
Live 5
Trivia Bingo
Activity
Puzzle Library
Sporcle Events
Private Events
Virtual Trivia
Globe League
Become a Host
Pub Owners
SporcleCon
Opinionation
Our Games
Videos
Blog
Mobile Apps
Partnerships
Remove Ads and Go Orange
Feedback
Sports
Athletes
MLB
NBA
NHL
NFL
Soccer
Sports Teams
WWE
NCAA
Football
Premier League
Basketball
Baseball
Hockey
Golf
Tennis
Cricket
Rugby
Auto Racing
Olympics
World Cup
Sports
Athletes
MLB
NBA
NHL
NFL
Soccer
Sports Teams
WWE
NCAA
Football
Premier League
Basketball
Baseball
Hockey
Golf
Tennis
Cricket
Rugby
Auto Racing
Olympics
World Cup
Random Quiz
Search Sporcle
×
Quiz Lab
Quiz Lab
Sports
Football
Type in answers that appear in a list
Type in answers that appear in a list
Classic
Best Score? Go Orange.
Most Popular NFL Teams Stats
Can you name the Most popular NFL teams?
By
Luke323
10m
32 Questions
260 Plays
260 Plays
260 Plays
Comments
Comments
Give Quiz Kudos
Give Quiz Kudos
-
- Ratings
hide this ad
More Info
Forced Order
Answers have to be entered in order
Answers have to be entered in order
Replay
Link that replays current quiz
Next Quiz
Link to next quiz in quiz playlist
You Got
0%
They Got
Avg Score
50%
Avg Friend Score
Upgrade to see
Score Distribution
Jump to the score distribution portion of the page
Score
0/32
Timer
10:00
0
Plays Today
Rank (Division)
Team
% Correct
#1 (East)
Dallas Cowboys
99.6%
#2 (North)
Pittsburgh Steelers
87.7%
#3 (East)
New York Giants
77.7%
#4 (North)
Chicago Bears
70%
#5 (North)
Green Bay Packers
69.6%
#6 (North)
Minnesota Vikings
64.2%
#7 (East)
Philadelphia Eagles
63.1%
#8 (South)
Indianapolis Colts
57.3%
#10 (East)
New England Patriots
56.9%
#9 (South)
New Orleans Saints
56.5%
#11 (East)
Washington Redskins
55.4%
#12 (West)
Denver Broncos
52.3%
#13 (West)
San Diego Chargers
48.5%
#14 (North)
Cincinnati Bengals
46.2%
#18 (East)
New York Jets
45.8%
#15 (South)
Tennessee Titans
45.4%
Rank (Division)
Team
% Correct
#32 (West)
St. Louis Rams
43.1%
#19 (East)
Miami Dolphins
42.3%
#17 (West)
Arizona Cardinals
41.9%
#20 (East)
Buffalo Bills
41.9%
#30 (South)
Jacksonville Jaguars
41.5%
#26 (North)
Detroit Lions
40.8%
#21 (North)
Cleveland Browns
40.4%
#25 (West)
Oakland Raiders
39.6%
#31 (South)
Tampa Bay Buccaneers
39.2%
#27 (West)
San Francisco 49ers
38.8%
#28 (South)
Houston Texans
38.8%
#22 (South)
Atlanta Falcons
38.1%
#23 (South)
Carolina Panthers
37.7%
#24 (West)
Kansas City Chiefs
37.3%
#29 (West)
Seattle Seahawks
37.3%
#16 (South)
Baltimore Ravens
32.7%
Quiz Playlist
Details
Report
Send in Message
Add To Playlist
More Info:
Rankings are based on television ratings,website visits, and internet mentions.
Classic:
Type in answers that appear in a list
Forced Order:
Answers have to be entered in order
Quiz Source
Last Updated: Feb 16, 2017
Quiz Scoreboard
CHALLENGE
Sign Up to Join the Scoreboard
Show All
Scores
Hide
Comments
May contain spoilers
Recently Published
9x9 Crossword: Cartoon Network
by jackfrog10
Miscellaneous
3m
College Basketball Coaching Resumes
by pancakes188
Sports
9m
Billboard Blitz: Fleetwood Mac
by CooCooCachoo
Music
15s
More to Explore
Quiz From the Vault
Featured Blog Post
Where Did the Easter Bunny Come From?
hide this ad
You Might Also Like...
Tags
Football Quiz
NFL Quiz
American Football
Today's Top Quizzes in Sports
Browse Sports
hide this ad
Today's Top Quizzes in Football
Browse Football
Top Contributed Quizzes in Sports
1
2022 World Cup Stars
2
Les meilleurs buteurs des matchs entre le PSG et l’OM
3
FIFA Club World Cup Champions
4
Les entraîneurs de l'OM et du PSG au 21e siècle
5
Criteria MLB: Left Handed Sluggers
6
AFC Teams Reveal (Wrong Answers Minefield)
7
2023 MLB Unique Player Accomplishments
8
5-to-1: FBS Animal Nicknames
9
Players with Multiple 50 Home Run Seasons
10
5-to-1: UK Sports Teams
Explore More
Trending Topics
Marvel
Harry Potter
NBA
Kpop
Crossword
Anime
Disney
Song
Soccer
Country
Puzzle
NFL
The Office
Pokémon
WWE
hide this ad
More By:
Luke323
Quiz
Plays
Rating
Category
Featured
Created
Most Dangerous U.S. Cities
458
3.50
Geography
Feb 1, 2011
Most Popular NFL Teams
260
3.67
Sports
Feb 3, 2011
The Rolling Stones' Top 10 Songs
250
3.67
Music
Feb 3, 2011
Biggest Stadiums in the USA
196
5.00
Sports
Mar 8, 2011
Songs About Years
142
4.11
Music
Mar 21, 2011
Go to Creator's Profile
Score Distribution
Quiz Creator Spotlight
Luke323
Follow
Send a Message
Quizzes Created
-
Created Quiz Play Count
-
More By This Creator
Popular Quizzes Today
1
Find the US States - No Outlines Minefield
2
Find the Countries of Europe - No Outlines Minefield
3
The Countries of the World
4
Find the US States
5
Risky Map Clicking: Biggest States A-Z
6
US States
7
Popular People in 1961
8
Movies - When Are They Set?
More Sports Quizzes
MLB Baseball Logos Created by AI Image Generator
Curator's Pick
Trending Quizzes
Risky Map Clicking: Least Populous States A-Z
1-10 Letter G Words
1-10 Letter F Words
Risky Map Clicking: Next State Alphabetically
Adjectives in 80s TV Shows
Recently Updated
Leaping Animals
pecheneg
Reality TV Shows (A-Z)
bhenderson79
Rickey Henderson's Hall of Fame Teammates
pecheneg
Champions League XIs: Arsenal
pecheneg
Quick Pick: Celebrities in WWE's Hall of Fame
aduchscher
A-Z Keypad Blitz II
pecheneg
Multiple Oscar Actors
pecheneg
Mystery Phrase Blitz: Oscar 'Best Actors'
pecheneg
F. Scott Fitzgerald Novels
LTH
Pick 3 Villains
ddd62291
Trending Topics
Crossword
Disney
Anime
NBA
Marvel
Harry Potter
Kpop
NFL
WWE
Puzzle
Soccer
Country
The Office
Song
Pokémon
Your Account Isn't Verified!
In order to create a playlist on Sporcle, you need to verify the email address you used during registration. Go to your
Sporcle Settings
to finish the process.
Report this User
Report this user for behavior that violates our
Community Guidelines
.
Details:
Send Report
Go to the Sporcle.com Mobile Site →
Comments